| 000 | 00967cam a22001934a 4500 | ||
|---|---|---|---|
| 005 | 20250605164129.0 | ||
| 008 | 250528s ||||||||||||||||||||||||d | ||
| 035 | _a18557 | ||
| 020 | _a6381146 | ||
| 040 |
_aGR-AtMCL _bgre _dGR-AtMCL _eAACR2 |
||
| 245 | 1 | _aDrawing on the Ride Side of the Brain | |
| 260 |
_bHarper Collins Publishers, _c1993 |
||
| 300 | _a258 | ||
| 520 | _aIf you want to draw well but think you have no talent, this book will unlock the artist within you and open up a new world of creative enjoyment. Preface, Drawing the Art of Bicycle Riding, Expressing Yourself in Drawing: The Nonverbal Language of Art, Drawing on Memories: Your History as an Artist, Relationships in a New Mode: Putting Sighting in Perspective, The Value of Logical Lights and Shadows, The Zen of Drawing: Drawing Out the Artist Within, Post scrip, Glossary, Bibliography, Index. | ||
| 700 | 1 |
_aEdwards Betty _94822 |
|
| 942 | _cBK | ||
| 999 |
_c3908 _d3908 |
||